000 00558nam a22002177a 4500
003 UA-OsUOA
001 74288
007 ta
008 20110331b un ||||| |||| 00| 0 ukr d
100 _aМисловський П.
090 _a32
_bМ65
942 _cSA
040 _aUA-OsUOA
_bukr
_cUA-OsUOA
_dUA-OsUOA
245 _aТеорія як дієвий інструмент стримування
300 _aС.12-15
955 _a0
041 _aukr
080 _a32
773 0 _w74284
_tВіче
_dК.
_d2011
_g6
650 7 _a32 Політика
_2UDC
999 _c360582
_d360582